00740nam a22002057a 4500001000500000005001700005020001800022040002900040050001500069082001000084100001800094245004600112250004500158260003500203300002300238505000700261520023200268521001700500521001700517259020240103151252.0 a9780545081764 aFISKHbengcFISKHdFISKH aPZ7.S65766 a813.6 aSmith, Roland aStorm runners :bEruption /cRoland Smith aThis edition first printing, August 2012 aNew York :bScholastic, c2012 a156 pages :c20 cm aK  aTwelve-year-old Chase and his friend Nicole Rossi attempt to rescue the Rossi Brothers' Circus--lions, tigers, elephants, and all--in Mexico, where a massive earthquake has struck, leading to the imminent eruption of a volcano. a590 bLexile aK bRaz-Plus